000 00423nam a22001697a 4500
005 20160629135644.0
008 160629b xxu||||| |||| 00| 0 eng d
020 _a978-93-5014-090-1
041 _aeng
082 _b12261
100 _aGoyal, Sweety & Other
_93198
245 _aComputer Organisation With Architecture
260 _bKatson
_c2012
300 _a224
650 _aInformation Technology
_9137
942 _cBK
999 _c4697
_d4695